| 000 | 01024nam0a22002651 4500 | ||
|---|---|---|---|
| 001 | rc\4540286 | ||
| 005 | 20250611192547.0 | ||
| 035 | _a(NLR Aleph) 008360097 | ||
| 090 |
_a8992811 _c8992811 |
||
| 100 | _a20130416d1959 |||y0rusy50 ca | ||
| 101 | 0 | _arus | |
| 102 | _aRU | ||
| 105 | _aa z ||||| | ||
| 200 | 1 |
_aКолеса зубчатые цилиндрические, конические, червячные и червяки мелкомодульные _eМетодика контроля |
|
| 210 |
_aБ. м. _cБ. и. _d1959 |
||
| 215 |
_a104 с. _cил. _d27 |
||
| 225 | 1 |
_aРуководящий материал Госкомитета _vРМО 968-59. Взамен РМВ 320-52 и ИМ 348-53 |
|
| 300 | _aНа 5-й с. текста сост.: инженеры К.В. Антонов и М.С. Аронова | ||
| 702 | 1 |
_aАронова _bМ.С. _4220 |
|
| 702 | 1 |
_aАнтонов _bК.В. _4220 |
|
| 801 | 0 |
_aRU _bNLR _gpsbo |
|
| 801 | 1 |
_aRU _bELAR _2rusmarc |
|
| 852 |
_aNLR _j60-8/465 |
||
| 942 | _cBOOK | ||
| 980 | _aNB | ||